• 首页
  • 本馆介绍
  • 公告通知
  • 最新文献
  • 馆藏检索
  • 电子资源
  • 读者导购
  • 参考咨询
  • 我的图书馆
  • 登录
  • 详细信息显示
  • 放入我的书架
  • 预约/预借图书
  • 作者相关作品
  • 分类相关作品
  • 丛书相关作品
  • 出版社相关作品

书目信息

  • 表格格式
  • 工作单格式
  • 卡片格式
题名:
外国共产党纪念马克思逝世一百周年文集
    
 
作者: 严理 编
分册:  
出版信息: 北京   人民出版社  1985
页数: 340页
开本: 20cm
丛书名:
单 册:
中图分类: A81
科图分类:
主题词: 马恩著作--学习 , 马恩著作研究
电子资源:
ISBN:
000 00691nam0 2200241 45
001 0185000599
005 20050517170712.0
010    @dCNY2.15
091    @a3001.2000
100    @a19930923d1985 kemy0chiy0121 ea
101 0  @achi
102    @aCN@b110000
105    @ay z 010yy
200 10 @a外国共产党纪念马克思逝世一百周年文集@Awai guo gong chan dang ji nian ma ke si shi shi yi bai zhou nian wen ji@f严理编@FYan Li Bian
210    @a北京@c人民出版社@d1985
215    @a340页@d20cm
606 0  @a马恩著作@x学习
606 0  @a马恩著作研究
690    @aA81@v3
701  0 @a严理@4编
801  0 @aCN@b深圳图书馆@c20040423
801  2 @aCN@bNLC@c20040423
905    @dA81@e141@f1@b228416
    
    外国共产党纪念马克思逝世一百周年文集/严理编.-北京:人民出版社,1985
    340页;20cm
    
    
    ISBN :CNY2.15
    
●
相关链接 在E读中查询图书 在五车中查询图书 在当当中查询图书 在豆瓣中查询图书


正题名:外国共产党纪念马克思逝世一百周年文集     索取号:A81/141         预约/预借

序号 登录号 条形码 馆藏地/架位号 状态 备注
1 0228415   000959378   第一借阅区/ [索取号:A81/141] 在馆    
2 0228416   000959332   第一样本阅览室/ [索取号:A81/141] 在馆    
唐山师范学院图书馆 欢迎您!
大连网信软件有限公司© 版权所有